000 01197nam0a22003371 4500
001 rc\2238746
005 20200120165649.0
035 _a(NLR Aleph) 006547116
090 _a6699664
_c6699664
100 _a20110826d1979 |||y0rusy50 ca
101 0 _arus
102 _aRU
105 _aa z |||||
200 1 _aЭлектрические гарниссажные печи для стекловарения
_fКостанян К.А., Мелик-Ахназаров А.Ф., Сарингюлян Р.С. и др.
210 _aЕреван
_cАйастан
_d1979
215 _a95 с.
_cил.
_d20
320 _aБиблиогр.: с. 91-94 (99 назв.)
606 _aСтекловаренные печи
_2psbo
686 _aЛ430.337-51,0
701 1 _6z01790
_aМелик-Ахназаров
_bА. Ф.
701 1 _aСарингюлян
_bР. С.
701 1 _aКостанян
_bК. А.
_gКостан Артаваздович
790 1 _6z01701
_aАхназаров
_bА. Ф.
801 0 _aRU
_bNLR
_gpsbo
801 1 _aRU
_bELAR
_2rusmarc
852 _aNLR
_j80-4/12057
899 _aRuMoRGB
_jB 79-59/218
899 _aRuMoRGB
_jB 79-59/219
942 _cBOOK
980 _aNB